Brooklyn 99 trivia quiz - Statistics

General Stats
  • This quiz has been taken 708 times
    704 since last reset
  • The average score is 6 of 15
Answer Stats
hint Answer % Correct
Who won the first 'Halloween Heist'? Jake
94%
Who is Charles's adopted son's hero? Capitain Latvia
86%
What country is Charles's adopted son from? Latvia
86%
Who is Officer Dad? Holt
77%
What is his name? Nikolaj
77%
What is the name of Norm Scully's twin brother? Earl
45%
Name Gina's perfume line Gina in a Bottle
38%
Who is the 'golden boy'? David
27%
Where does Jake Peralta's half-sister live Dallas
26%
What is her name? Kate
25%
Name Gina's TV show Linetti set go
17%
What did Charles give his adopted son for Christmas? A police doll
11%
What car did he drive? Limousine
10%
Who did Karen date after divorcing Roger Peralta? Trevor
6%
Who is Jake Peralta's hero? John McClaine
3%
No matching quizzes found
Score Distribution
Percent of People with Each Score
Percentile by Number Answered
Your Score History
You have not taken this quiz since the last reset